ছেলেদের বাবর / (Record no. 74254)
[ view plain ]
| 000 -LEADER | |
|---|---|
| fixed length control field | 00816nam a22002537a 4500 |
| 001 - CONTROL NUMBER | |
| control field | 74254 |
| 003 - CONTROL NUMBER IDENTIFIER | |
| rucl marc code | BD-RjUL |
| 005 - DATE AND TIME OF LATEST TRANSACTION | |
| control field | 20211209082527.0 |
| 008 - FIXED-LENGTH DATA ELEMENTS--GENERAL INFORMATION | |
| fixed length control field | 180418s2016 bg ||||| |||| 00| 0dben d |
| 020 ## - INTERNATIONAL STANDARD BOOK NUMBER | |
| International Standard Book Number | 9789848830543 |
| Terms of availability | Tk.125.00 |
| 035 ## - SYSTEM CONTROL NUMBER | |
| System control number | (BD-RjUL)74472 |
| 040 ## - CATALOGING SOURCE | |
| Original cataloging agency | BD-RjUL |
| Language of cataloging | eng |
| Transcribing agency | BD-RjUL |
| 041 ## - LANGUAGE CODE | |
| Language code of text/sound track or separate title | ben |
| 082 ## - DEWEY DECIMAL CLASSIFICATION NUMBER | |
| Edition number | 23 |
| Classification number | 954.0252 |
| Author mark and year | GUC 2016 |
| 100 1# - MAIN ENTRY--PERSONAL NAME | |
| Personal name | গুপ্ত, শ্রীবানী |
| 9 (RLIN) | 221177 |
| 245 10 - TITLE STATEMENT | |
| Title | ছেলেদের বাবর / |
| Statement of responsibility, etc. | শ্রীবানী গুপ্ত, |
| 260 ## - PUBLICATION, DISTRIBUTION, ETC. (IMPRINT) | |
| Place of publication, distribution, etc. | ঢাকা : |
| Name of publisher, distributor, etc. | দিব্য প্রকাশনী , |
| Date of publication, distribution, etc. | ২০১৬ |
| 300 ## - PHYSICAL DESCRIPTION | |
| Pagination | ৭৯ পৃ. ; |
| Size | ২২ সেমি. |
| 600 ## - SUBJECT ADDED ENTRY--PERSONAL NAME | |
| Personal name | বাবর |
| Personal name | Babar |
| 650 ## - SUBJECT ADDED ENTRY--TOPICAL TERM | |
| Topical term or geographic name as entry element | জীবনী |
| 9 (RLIN) | 221180 |
| Topical term or geographic name as entry element | Biography |
| 9 (RLIN) | 221181 |
| 942 ## - ADDED ENTRY ELEMENTS (KOHA) | |
| Source of classification or shelving scheme | Dewey Decimal Classification |
| Koha item type | Books |
| Lost status | Source of classification or shelving scheme | Damaged status | Not for loan | Collection code | Permanent Location | Current Location | Shelving location | Date acquired | Source of acquisition | Cost, normal purchase price | Total Checkouts | Full call number | Date last seen | Copy number | Koha item type |
|---|---|---|---|---|---|---|---|---|---|---|---|---|---|---|---|
| Dewey Decimal Classification | Not For Loan | Non-fiction | Central Library, University of Rajshahi | Central Library, University of Rajshahi | Reading Room | 30/03/2017 | Rajshahi Vidya sagar | 1250.00 | B 954.0252 GUC 2016 | 18/04/2018 | C-1 | Books | |||
| Dewey Decimal Classification | Non-fiction | Central Library, University of Rajshahi | Central Library, University of Rajshahi | 30/03/2017 | Rajshahi Vidya sagar | 1250.00 | B 954.0252 GUC 2016 | 18/04/2018 | C-2 | Books |